00486nam a2200169Ia 4500008004100000040001900041041001200060082002500072100001700097245006900114250001200183260005600195300002000251650001400271651002100285850001000306131103s9999 xx 000 0 und d aLoreto College aEnglish a378/ASSbLCLIB/28302 aNatarajan,V. aMonograph of practical examination for universitiescV.Natarajan a2nd ed. aNew DelhibAssociation of Indian Universitiesc1982 a220p. c 21 cm. aEducation aHigher Education aLCLIB